Geography General Knowledge #15 - Statistics

General Stats
  • This quiz has been taken 23,213 times
  • The average score is 13 of 20
Answer Stats
Question Answer % Correct
Name one of the two countries with territory in Patagonia. Argentina / Chile
88%
What is known as "India's Teardrop"? Sri Lanka
87%
Which country on the African mainland lies closest to Madagascar? Mozambique
83%
What country's official language is Bengali? Bangladesh
81%
What is the only country in Indochina which is landlocked? Laos
81%
What autonomous region of China borders Nepal and Bhutan? Tibet
79%
What is the biggest city in the U.S. state of Michigan? Detroit
76%
What sea is bordered by Greece and Turkey? Aegean Sea
71%
What special region of China was formerly controlled by Portugal? Macau
63%
What term refers to the part of France's Mediterranean coast that extends from Saint-Tropez to the Italian border? French {Riviera}
62%
What body of water is also known as the Arabian Gulf? Persian Gulf
61%
What is the only national capital that lies on the Caspian Sea? Baku
60%
Which one of the Hawaiian islands has the highest population? Oahu
59%
What city is served by Marco Polo Airport? Venice
49%
What city's name is German for "Salt Castle"? Salzburg
47%
What small island nation is the northernmost country that hasn't received any snow in the 21st century? Malta
46%
On what island would you find Cape Spear, the easternmost point in Canada? Newfoundland
46%
In millions of years, what valley is predicted to become part of the ocean and turn most of East Africa into an island? Great {Rift} Valley
40%
What island on the Gulf of Naples is the namesake of a type of pants? Capri
38%
The town of Segovia, Spain is known for its intact Roman ______. Aqueduct
36%
No matching quizzes found
Score Distribution
Percent of People with Each Score
Percentile by Number Answered
Your Score History
You have not taken this quiz